[Event "AUTO-ADV-4780"]
[Site "http://www.queenalice.com/game.php?id=1834735"]
[Date "2024.4.7"]
[Round "1"]
[White "dimitridruloza2012"]
[Black "Jomaley"]
[Result "0-1"]
[WhiteElo "1777"]
[BlackElo "1614"]

1. g3 e5 2. Bg2 c6 3. b3 Bc5 4. Bb2 f6 5. Nf3 Qb6 6. O-O d6 7. Nc3 Bg4 8. Na4
Qd8 9. Nh4 g5 10. Nf3 h5 11. d3 Bxf3 12. Bxf3 b5 13. Nxc5 dxc5 14. e3 g4 15. Bg2
Qd6 16. a4 b4 17. a5 a6 18. c4 Ne7 19. Qc2 h4 20. d4 exd4 21. exd4 cxd4 22. Rad1
hxg3 23. fxg3 c5 24. Bxa8 Nbc6 25. Bxc6+ Qxc6 26. Rfe1 Kf7 27. Rf1 Ng6 28. Qf5
Qe6 29. Qxc5 Qe3+ 30. Rf2 Rxh2 31. Bxd4 Qxg3+ 32. Kf1 Nf4 33. Qc7+ Kg6 34. Qc6
Qh3+ 35. Ke1 Rh1+ 36. Kd2 Qd3+ 37. Kc1 Rxd1+ 38. Kb2 Qb1# 0-1

[Event "AUTO-ADV-4783"]
[Site "http://www.queenalice.com/game.php?id=1835420"]
[Date "2024.4.21"]
[Round "1"]
[White "dimitridruloza2012"]
[Black "Capixabba789"]
[Result "0-1"]
[WhiteElo "1856"]
[BlackElo "1945"]

1. g3 e5 2. Bg2 d5 3. b3 Nf6 4. Bb2 Bd6 5. Nf3 Nc6 6. Nc3 O-O 7. e3 Bf5 8. Nh4
Be6 9. Qe2 d4 10. Nb5 Be7 11. Bxc6 bxc6 12. Na3 dxe3 13. fxe3 Ne4 14. Bxe5 Bxh4
15. Qf3 Qxd2+ 16. Kf1 Bd5 17. Qg4 Qf2# 0-1

[Event "AUTO-ADV-4783"]
[Site "http://www.queenalice.com/game.php?id=1835421"]
[Date "2024.4.21"]
[Round "1"]
[White "Capixabba789"]
[Black "dimitridruloza2012"]
[Result "1-0"]
[WhiteElo "1926"]
[BlackElo "1843"]

1. d4 b6 2. e4 Nf6 3. Bd3 Bb7 4. Qe2 g6 5. Nf3 Bg7 6. O-O Nh5 7. Nc3 Nc6 8. d5
Ne5 9. Nxe5 Bxe5 10. f4 Bd6 11. f5 e6 12. dxe6 dxe6 13. fxe6 fxe6 14. Qg4 Qe7
15. Bg5 Qd7 16. Rae1 Be7 17. Bxe7 Qxe7 18. Rf2 O-O-O 19. Ref1 Rhf8 20. Rxf8 Rxf8
21. Rxf8+ Qxf8 22. Qxe6+ Kb8 23. Nd5 Qc5+ 24. Kh1 Qf2 25. h3 Bc8 26. Qc6 Bb7 27.
Qxc7+ Ka8 28. Qd8+ Bc8 29. Qxc8# 1-0

[Event "AUTO-ADV-4783"]
[Site "http://www.queenalice.com/game.php?id=1835422"]
[Date "2024.4.21"]
[Round "1"]
[White "dimitridruloza2012"]
[Black "chessman"]
[Result "0-1"]
[WhiteElo "1844"]
[BlackElo "2060"]

1. g3 d5 2. Bg2 Nc6 3. b3 Nf6 4. Bb2 e5 5. Nf3 Bd6 6. Nh4 O-O 7. Nc3 a6 8. Na4
d4 9. Bxc6 bxc6 10. e3 c5 11. Qf3 e4 12. Qe2 Bg4 13. f3 exf3 14. Nxf3 Re8 15.
O-O-O Nd5 16. h3 Bd7 17. g4 Bxa4 18. Qc4 Bc6 19. exd4 Bb7 20. dxc5 Nf6 21. c6
Bc8 22. Ng5 Be6 23. Qd3 h6 24. Bxf6 Qxf6 25. Qh7+ Kf8 26. Ne4 Qa1# 0-1

[Event "AUTO-ADV-4783"]
[Site "http://www.queenalice.com/game.php?id=1835423"]
[Date "2024.4.21"]
[Round "1"]
[White "chessman"]
[Black "dimitridruloza2012"]
[Result "1-0"]
[WhiteElo "2050"]
[BlackElo "1789"]

1. e4 b6 2. Nf3 Bb7 3. Bc4 Bxe4 4. Bxf7+ Kxf7 5. Ng5+ Ke8 6. Nxe4 g6 7. Qf3 Nc6
8. O-O e6 9. c3 Ne5 10. Qe2 Bg7 11. d4 Nc6 12. Be3 Qh4 13. Ng3 Kd8 14. Nd2 Nh6
15. Nf3 Qe7 16. Bg5 Bf6 17. Bxh6 Kc8 18. Bd2 h5 19. Rfe1 h4 20. Nf1 h3 21. g3
Rh5 22. Ne3 Kb7 23. Nc4 Rf8 24. Nce5 Bxe5 25. Nxe5 Rhf5 26. Nxg6 Qd6 27. Nxf8
Qxf8 28. Rf1 Qd6 29. Qe4 Rd5 30. Bf4 Qe7 31. Rad1 Kb8 32. Rfe1 Na5 33. Qxd5 Qf6
34. Bxc7+ Kc8 35. Qe4 Nc6 36. Be5 Nxe5 37. dxe5 Qf7 38. Rd6 Kd8 39. Red1 Ke8 40.
Rxd7 Qh5 41. Qa8# 1-0

[Event "AUTO-ADV-4783"]
[Site "http://www.queenalice.com/game.php?id=1835424"]
[Date "2024.4.21"]
[Round "1"]
[White "dimitridruloza2012"]
[Black "Daniel1962"]
[Result "0-1"]
[WhiteElo "1803"]
[BlackElo "1846"]

1. g3 f5 2. Bg2 e5 3. b3 g5 4. Bb2 d6 5. Nc3 f4 6. Nf3 h6 7. e3 fxg3 8. hxg3 Bf5
9. Nd5 Nf6 10. Nb4 g4 11. Nh4 Qd7 12. Bxb7 Be4 13. Rh2 Bxb7 14. Qe2 Nc6 15. Nd3
e4 16. Nf4 Bg7 17. O-O-O Nb4 18. Kb1 Qc6 19. Rc1 Ba6 20. Qd1 Nbd5 21. Ne6 Rg8
22. Nf5 Bf8 23. Nxf8 Rxf8 24. Nxh6 O-O-O 25. Nxg4 Nxg4 26. Qxg4+ Kb8 27. d3 exd3
28. cxd3 Bxd3+ 29. Ka1 Qa6 30. Qg7 Rc8 31. Rh4 Rxf2 32. e4 Nb4 33. a3 c5 34. a4
c4 35. Qd7 cxb3 36. Rh8 Rc2 37. Rch1 Rc6 38. Bd4 Qxa4+ 39. Kb2 Qa2# 0-1

[Event "AUTO-ADV-4783"]
[Site "http://www.queenalice.com/game.php?id=1835425"]
[Date "2024.4.21"]
[Round "1"]
[White "Daniel1962"]
[Black "dimitridruloza2012"]
[Result "1-0"]
[WhiteElo "1847"]
[BlackElo "1818"]

1. e3 b6 2. Be2 Bb7 3. Bf3 d5 4. d4 g6 5. Nc3 Bg7 6. Nh3 Nf6 7. Ng5 h6 8. Nxf7
Kxf7 9. h4 h5 10. g4 Qd6 11. g5 Nfd7 12. Bg2 Rf8 13. f4 Ke8 14. Bd2 Nc6 15. Bxd5
Nf6 16. gxf6 Bxf6 17. Qf3 Nxd4 18. exd4 Bxd5 19. Nxd5 Bxd4 20. c3 c6 21. cxd4
cxd5 22. O-O-O Rc8+ 23. Kb1 Rc4 24. Qe3 Qc6 25. Bc3 Qa4 26. Rde1 Rf7 27. Rhg1
Rg7 28. f5 Rc7 29. Qe5 e6 30. Qxe6+ Rce7 31. Qc8+ Kf7 32. Rxe7+ Kf6 33. Qe6# 1-0

[Event "AUTO-ADV-4786"]
[Site "http://www.queenalice.com/game.php?id=1836024"]
[Date "2024.5.1"]
[Round "1"]
[White "mvson33"]
[Black "dimitridruloza2012"]
[Result "1/2-1/2"]
[WhiteElo "1842"]
[BlackElo "1775"]

1. d4 b6 2. e4 Bb7 3. Nc3 g6 4. Nf3 Bg7 5. Bc4 Nf6 6. e5 Ne4 7. Nxe4 Bxe4 8. O-O
e6 9. c3 Nc6 10. Re1 Bf5 11. Bg5 f6 12. exf6 Bxf6 13. Bh6 Qe7 14. Ba6 Bg7 15.
Bg5 Bf6 16. Bxf6 Qxf6 17. Qe2 O-O 18. Bb5 Bg4 19. Qe3 Qf5 20. Be2 Qh5 21. Ne5
Bxe2 22. Qxe2 Qg5 23. Nxc6 dxc6 24. Qxe6+ Rf7 25. Qxc6 Raf8 26. Re2 Qh4 27. Qe4
Qg5 28. Rae1 a5 29. Qe5 Qh4 30. Qe3 Qd8 31. Qe5 Qh4 32. Qe3 a4 33. Qg3 Qd8 34.
Qe5 Qh4 35. Qe3 Qd8 36. Qe8 Qh4 37. Qe3 Qd8 1/2-1/2

[Event "AUTO-ADV-4786"]
[Site "http://www.queenalice.com/game.php?id=1836025"]
[Date "2024.5.1"]
[Round "1"]
[White "dimitridruloza2012"]
[Black "mvson33"]
[Result "0-1"]
[WhiteElo "1758"]
[BlackElo "1896"]

1. g3 Nf6 2. Bg2 d5 3. b3 c6 4. Bb2 Bf5 5. Nf3 Nbd7 6. Nh4 Bg6 7. O-O e5 8. e3
Qc7 9. Nc3 Bd6 10. a4 O-O-O 11. Qe2 Rhe8 12. a5 a6 13. Ra4 Nc5 14. Ra2 Bh5 15.
Qe1 Nce4 16. Nf5 Bf8 17. Na4 Nd6 18. Nxd6+ Bxd6 19. d4 exd4 20. Bxd4 Qe7 21. Qc3
Be5 22. Nc5 Bxd4 23. Qxd4 Qe5 24. Qb4 Qc7 25. c4 dxc4 26. bxc4 Nd7 27. Rb2 Nxc5
28. Qxc5 Bg6 29. Qa7 Re7 30. Bh3+ f5 31. Bg2 Bf7 32. Bf3 Bxc4 33. Rd1 Rxd1+ 34.
Bxd1 Bb5 35. Qc5 g6 36. Bf3 Re5 37. Qd4 Re7 38. Qh4 Rf7 39. Rd2 Rd7 40. Rxd7
Qxd7 41. Qh3 Bd3 42. Qh4 c5 43. Qf4 c4 44. Qe5 Kd8 45. Qh8+ Kc7 46. Qb2 Kc8 47.
Qb6 Qc7 48. Qa7 c3 49. Qd4 c2 50. Qxd3 c1=Q+ 51. Kg2 Q7c4 52. Bxb7+ Kxb7 53.
Qd7+ Qc7 54. Qd5+ Q1c6 55. e4 Qxd5 56. exd5 Qxa5 57. d6 Qd5+ 58. f3 Qxd6 59. h4
a5 60. g4 a4 61. gxf5 gxf5 62. h5 a3 63. f4 Qxf4 64. h6 a2 65. Kh3 a1=Q 66. Kg2
Qaf1# 0-1

[Event "AUTO-ADV-4786"]
[Site "http://www.queenalice.com/game.php?id=1836038"]
[Date "2024.5.1"]
[Round "1"]
[White "almiradm87"]
[Black "dimitridruloza2012"]
[Result "0-1"]
[WhiteElo "1699"]
[BlackElo "1763"]

1. e4 b6 2. d4 Bb7 3. Nc3 g6 4. Nf3 Bg7 5. Bc4 Nf6 6. Bg5 h6 7. Bh4 Nxe4 8. Nxe4
Bxe4 9. c3 Nc6 10. O-O g5 11. Bg3 a5 12. Re1 Bf5 13. Bd5 e6 14. Nd2 O-O 15. Bf3
d5 16. Bh5 Ne7 17. Nf3 Bg6 18. Bg4 c5 19. dxc5 bxc5 20. Ne5 f5 21. Nxg6 Nxg6 22.
Bh5 Ne7 23. Rxe6 f4 24. Bxf4 Rxf4 25. g3 Qd7 26. Bg4 Nf5 27. gxf4 Qxe6 28. fxg5
Qg6 29. gxh6 Qxh6 30. Bxf5 Rf8 31. Qxd5+ Kh8 32. Bh3 Qxh3 33. Qxc5 Rf5 34. Qc8+
Kh7 35. Qc6 Be5 36. Qd7+ Kh6 37. Qe6+ Kh5 38. Qe8+ Kh4 39. Qe7+ Rg5+ 0-1

[Event "AUTO-ADV-4786"]
[Site "http://www.queenalice.com/game.php?id=1836039"]
[Date "2024.5.1"]
[Round "1"]
[White "dimitridruloza2012"]
[Black "almiradm87"]
[Result "1-0"]
[WhiteElo "1749"]
[BlackElo "1688"]

1. g3 d5 2. Bg2 Nf6 3. Nf3 g6 4. d3 Bg7 5. Bg5 h6 6. Be3 O-O 7. Qd2 g5 8. Nc3
Nc6 9. O-O Bf5 10. Nd4 Nxd4 11. Bxd4 c6 12. a4 Nh5 13. Bxg7 Nxg7 14. Ra3 d4 15.
Na2 Qb6 16. Rb3 Qc5 17. Rxb7 Rab8 18. b4 Qd6 19. Rxa7 Ra8 20. Rxa8 Rxa8 21. a5
Be6 22. c4 dxc3 23. Nxc3 Qxb4 24. Rb1 Qxa5 25. Bxc6 Ra7 26. Be4 f5 27. Bf3 Ne8
28. d4 Nd6 29. d5 Bd7 30. Qd4 Nb5 31. Nxb5 Bxb5 32. Rxb5 Qe1+ 33. Kg2 Ra1 34.
Rb8+ Kf7 35. Bh5# 1-0

[Event "AUTO-ADV-4786"]
[Site "http://www.queenalice.com/game.php?id=1836046"]
[Date "2024.5.1"]
[Round "1"]
[White "Capixaba789"]
[Black "dimitridruloza2012"]
[Result "1-0"]
[WhiteElo "1897"]
[BlackElo "1769"]

1. d4 b6 2. e4 Bb7 3. Bd3 g6 4. Nf3 Bg7 5. O-O Nf6 6. Nbd2 Nc6 7. c3 Na5 8. e5
Nh5 9. Ne4 e6 10. Be3 Qe7 11. Bg5 f6 12. exf6 Bxf6 13. Nxf6+ Nxf6 14. Qc2 h6 15.
Bxg6+ Kd8 16. Bh4 Bxf3 17. gxf3 Kc8 18. Bd3 Kb7 19. Be4+ c6 20. Rfe1 Nc4 21. b3
Nd6 22. Bd3 Qf7 23. Kf1 Nh5 24. Be4 Nf4 25. Bg3 Nh3 26. Bxd6 Qh5 27. Bg3 Raf8
28. c4 Rhg8 29. Qd3 Rg5 30. Re3 Rfg8 31. Ke2 d5 32. Bxd5 exd5 33. Qh7+ R8g7 34.
Qh8 Rg8 35. Qh7+ R5g7 36. Qd3 Rf8 37. Kd2 Ng1 38. f4 Nf3+ 39. Rxf3 dxc4 40. bxc4
Rd8 41. a4 c5 42. d5 Rgd7 43. Kc3 Ka6 44. Qb1 Qxf3+ 45. Kc2 Qe4+ 46. Kb3 Qxb1+
47. Rxb1 Re7 48. h4 Re2 49. Rc1 Rd2 50. Rc3 Ka5 51. Re3 Rd1 52. Re7 Ka6 53. f5
Rg8 54. f6 Rg4 55. f7 Rgd4 56. Re3 Rb1+ 57. Kc3 Rb4 58. f8=Q Rbxc4+ 59. Kb3 Rxa4
60. Qxh6 Rab4+ 61. Ka3 Rd1 62. Rb3 Ra1+ 63. Kb2 Rba4 64. Qc6 R4a2+ 65. Kc3 Rc1+
66. Kd3 c4+ 67. Qxc4+ Rxc4 68. Kxc4 Ra4+ 69. Kc3 b5 70. Rb4 Ra3+ 71. Kb2 Rd3 72.
d6 Ka5 73. Rb3 Rd4 74. Ra3+ Kb6 75. h5 b4 76. Rf3 a5 77. Rf6 Kb5 78. h6 a4 79.
h7 Kc4 80. h8=Q a3+ 81. Ka2 Rd2+ 82. Ka1 Rd1+ 83. Ka2 b3+ 84. Kxa3 Ra1+ 85. Kb2
Ra2+ 86. Kb1 Kc3 87. Rf3+ Kd2 88. Qc3+ Ke2 89. Re3+ Kf1 90. Qxb3 Rd2 91. Qc4+
Kg2 92. Rd3 Rxf2 93. Bxf2 Kxf2 94. Qc2+ Ke1 95. Rd1# 1-0

[Event "AUTO-ADV-4786"]
[Site "http://www.queenalice.com/game.php?id=1836047"]
[Date "2024.5.1"]
[Round "1"]
[White "dimitridruloza2012"]
[Black "Capixaba789"]
[Result "0-1"]
[WhiteElo "1758"]
[BlackElo "1924"]

1. g3 e5 2. Bg2 d5 3. b3 Nf6 4. Bb2 e4 5. Nc3 c6 6. Nh3 Bd6 7. Na4 b5 8. Nc3 Bf5
9. e3 b4 10. Na4 O-O 11. Qe2 Nbd7 12. Qa6 Nb6 13. Qe2 Nbd7 14. O-O Ne5 15. Ng5
a5 16. Rae1 Nfg4 17. Nh3 f6 18. f3 exf3 19. Bxf3 Nxf3+ 20. Rxf3 Bd7 21. Ref1
Nxe3 22. Rxe3 Bxh3 23. Rff3 Bg4 24. h4 Bxg3 25. Qg2 Bxf3 26. Rxf3 Be5 27. Bc1 f5
28. d3 Qxh4 29. Rh3 Qe1+ 30. Qf1 Qxf1+ 31. Kxf1 f4 32. Kf2 Ra7 33. Nc5 Bd4+ 34.
Kf3 Bxc5 35. Bxf4 Raf7 36. Rh4 Bd6 37. Ke3 Bxf4+ 38. Kd4 g5 39. Rh6 Bd2 40. Rxc6
Bc3+ 41. Kc5 d4 42. Kb5 g4 43. Kxa5 g3 44. Rc5 Rg7 45. Rh5 g2 46. a4 g1=Q 47.
Rb5 Ra8+ 48. Kb6 Qc1 49. Rc5 Qxc2 50. a5 Qxb3 51. a6 Qe6+ 52. Rc6 Rxa6+ 53. Kb5
Qxc6# 0-1

[Event "AUTO-OPEN-4525"]
[Site "http://www.queenalice.com/game.php?id=1836137"]
[Date "2024.5.2"]
[Round "1"]
[White "Capixabba789"]
[Black "dimitridruloza2012"]
[Result "0-1"]
[WhiteElo "1877"]
[BlackElo "1754"]

1. d4 b6 2. e4 Bb7 3. Bd3 Nf6 4. Qe2 g6 5. Nf3 Bg7 6. O-O d6 7. Bf4 Nh5 8. Be3
Nc6 9. Nc3 Nb4 10. Bb5+ c6 11. Ba4 b5 12. Bb3 Qc7 13. Rad1 O-O 14. a3 Na6 15. d5
Qa5 16. Bd4 b4 17. Bxg7 Kxg7 18. axb4 Nxb4 19. Ra1 Qc7 20. Qe3 cxd5 21. exd5 a5
22. Rfe1 a4 23. Bc4 Qxc4 24. Rac1 Bxd5 25. Qxe7 Bxf3 26. gxf3 Qc6 27. Ne4 Nd5
28. Qh4 a3 29. bxa3 Rxa3 30. c4 Ndf6 31. Nxf6 Nxf6 32. Re3 Rxe3 33. fxe3 Qxf3
34. Qd4 Kg8 35. Rf1 Qg4+ 36. Qxg4 Nxg4 0-1

[Event "AUTO-OPEN-4525"]
[Site "http://www.queenalice.com/game.php?id=1836138"]
[Date "2024.5.2"]
[Round "1"]
[White "dimitridruloza2012"]
[Black "Capixabba789"]
[Result "0-1"]
[WhiteElo "1771"]
[BlackElo "1844"]

1. d4 d5 2. e3 Bf5 3. g3 h6 4. Nc3 Nf6 5. Bg2 e6 6. Nf3 Be7 7. Ne5 Nbd7 8. Nxd7
Qxd7 9. b3 Ne4 10. Nxe4 dxe4 11. Bb2 Bf6 12. Qe2 h5 13. h4 Bg4 14. f3 exf3 15.
Bxf3 Qd6 16. O-O-O Bxf3 17. Qxf3 c6 18. g4 hxg4 19. Qxg4 O-O-O 20. Rhf1 Rxh4 21.
Qg2 Kb8 22. Rd3 Ka8 23. Kb1 Rh2 24. Qg4 Rh4 25. Qd1 a6 26. Qd2 Rh2 27. Qa5 Rc8
28. Qb6 Bd8 29. Qc5 Qxc5 30. dxc5 f6 31. e4 e5 32. Bc3 Bc7 33. Rd7 Bb8 34. Rxg7
Ba7 35. Rxf6 Bxc5 36. Bxe5 Re2 37. Rg4 Ba3 38. Bb2 Re1+ 39. Bc1 Rxc1# 0-1

[Event "AUTO-OPEN-4525"]
[Site "http://www.queenalice.com/game.php?id=1836167"]
[Date "2024.5.2"]
[Round "1"]
[White "dimitridruloza2012"]
[Black "Pipo712"]
[Result "0-1"]
[WhiteElo "1778"]
[BlackElo "2006"]

1. g3 d5 2. Bg2 Nf6 3. d4 Bf5 4. Bf4 e6 5. Nf3 c5 6. Ne5 Qb6 7. b3 cxd4 8. O-O
Nbd7 9. Nd2 Bd6 10. Nxd7 Nxd7 11. Bxd6 Qxd6 12. Nf3 e5 13. Nh4 Be6 14. c4 O-O
15. Qd3 Nc5 16. Qc2 dxc4 17. bxc4 g6 18. Rad1 Rac8 19. a4 a5 20. Rb1 f5 21. Qc1
e4 22. Qa3 g5 23. Nf3 exf3 24. Bxf3 b6 25. Qc1 Qd8 26. Rd1 Nxa4 27. Qa3 Nc3 28.
e3 Nxb1 29. Rxb1 d3 30. c5 Rxc5 31. Rd1 g4 32. Rxd3 Qxd3 33. Qxd3 gxf3 34. h4
Rc1+ 35. Kh2 Bc4 36. Qa3 Rf1 37. Qb2 b5 38. g4 fxg4 39. Qd4 Rxf2+ 40. Kh1 g3 41.
Qg4+ Kf7 42. Qxg3 Rf1+ 43. Kh2 a4 44. Qf4+ Ke7 45. Qe4+ Kd6 46. Qxh7 Rg8 47.
Qh6+ Kc5 48. Qh5+ Kb4 49. Qg5 Rxg5 50. hxg5 Re1 51. g6 Rxe3 52. g7 f2 53. Kg2
f1=Q+ 54. Kh2 Rh3# 0-1

[Event "AUTO-OPEN-4525"]
[Site "http://www.queenalice.com/game.php?id=1836168"]
[Date "2024.5.2"]
[Round "1"]
[White "Pipo712"]
[Black "dimitridruloza2012"]
[Result "1-0"]
[WhiteElo "1985"]
[BlackElo "1785"]

1. e4 b6 2. d4 Bb7 3. Nc3 g6 4. Be3 Bg7 5. Bc4 Nf6 6. Nge2 Nxe4 7. Nxe4 Bxe4 8.
c3 Bxg2 9. Rg1 Be4 10. h4 h5 11. Ng3 Bb7 12. d5 Na6 13. Bd4 e5 14. dxe6 f6 15.
Qd3 Rh6 16. Bxa6 Bc6 17. Bb5 Qe7 18. Bxc6 dxc6 19. Be3 Qxe6 20. Kf1 Rd8 21. Qe4
Qxe4 22. Nxe4 Rh8 23. Rxg6 Kf7 24. Rg1 Rhe8 25. Ng3 Rd3 26. Nxh5 Bh8 27. Ke2 Rd5
28. Rad1 Rxh5 29. Rd7+ Ke6 30. Rxc7 Kd6 31. Rxa7 Rxh4 32. Rd1+ Ke5 33. Bxb6 Kf5+
34. Be3 Kg6 35. Rc7 Re6 36. Rg1+ Kh5 37. Rh7# 1-0

[Event "Challenge"]
[Site "http://www.queenalice.com/game.php?id=1837714"]
[Date "2024.5.29"]
[Round "-"]
[White "Leanne"]
[Black "dimitridruloza2012"]
[Result "0-1"]
[WhiteElo "1424"]
[BlackElo "1751"]

1. c4 b6 2. Nf3 Bb7 3. e3 g6 4. Nc3 Bg7 5. d4 Nf6 6. Be2 Nc6 7. O-O Nh5 8. g3 e6
9. d5 Ne5 10. dxe6 fxe6 11. Nb5 a6 12. Nbd4 Qe7 13. Nxe5 Bxe5 14. Bxh5 Bxd4 15.
Bf3 d5 16. Qxd4 O-O-O 17. cxd5 exd5 18. Qg4+ Kb8 19. e4 dxe4 20. Bg5 Qf7 21.
Bxd8 Rxd8 22. Bxe4 Qc4 23. Qf3 Bxe4 24. Qf4 Re8 25. Qf7 Qxf7 0-1

[Event "Challenge"]
[Site "http://www.queenalice.com/game.php?id=1837715"]
[Date "2024.5.29"]
[Round "-"]
[White "dimitridruloza2012"]
[Black "Leanne"]
[Result "1-0"]
[WhiteElo "1748"]
[BlackElo "1427"]

1. g3 d5 2. Bg2 e6 3. b3 Nf6 4. Bb2 Be7 5. Nf3 O-O 6. Nc3 Ne4 7. Ne5 Nxc3 8.
Bxc3 g6 9. e3 Bf6 10. Ng4 Bxc3 11. dxc3 c5 12. Qe2 Nc6 13. Qf3 f5 14. Nh6+ Kh8
15. g4 Ne5 16. Qg3 Nf7 17. Nxf7+ Rxf7 18. O-O Qg5 19. Qd6 Qf6 20. Qxc5 fxg4 21.
Rad1 b6 22. Qc6 Rb8 23. Qd6 Bb7 24. Qxb8+ Kg7 25. Qxa7 d4 26. Bxb7 dxe3 27. fxe3
1-0

[Event "AUTO-ADV-4795"]
[Site "http://www.queenalice.com/game.php?id=1838948"]
[Date "2024.6.21"]
[Round "1"]
[White "maurice916"]
[Black "dimitridruloza2012"]
[Result "0-1"]
[WhiteElo "1910"]
[BlackElo "1754"]

1. Nf3 g6 2. d4 Bg7 3. b3 b6 4. Bb2 Bb7 5. Nbd2 Nc6 6. e3 Nf6 7. Be2 Nb4 8. a3
Nc6 9. O-O Nh5 10. Rb1 e6 11. c4 Ne7 12. Re1 Nf5 13. g4 Nxe3 14. fxe3 Nf6 15. h3
Bh6 16. g5 Bxg5 17. Nxg5 Nh5 18. d5 Qxg5+ 19. Kh2 Qg3+ 20. Kh1 Qxh3+ 21. Kg1
Qxe3+ 22. Kh2 Qf2+ 23. Kh1 Ng3# 0-1

[Event "AUTO-ADV-4795"]
[Site "http://www.queenalice.com/game.php?id=1838949"]
[Date "2024.6.21"]
[Round "1"]
[White "dimitridruloza2012"]
[Black "maurice916"]
[Result "0-1"]
[WhiteElo "1777"]
[BlackElo "1812"]

1. g3 c6 2. Bg2 d5 3. b3 e5 4. Bb2 Bd6 5. Nf3 Qc7 6. Nc3 Nf6 7. Na4 Nbd7 8. e3
O-O 9. Ng5 h6 10. Nf3 Nb6 11. Nxb6 axb6 12. Nh4 Nh7 13. Qh5 Be6 14. Bf1 Nf6 15.
Qf3 e4 16. Qe2 g5 17. Bxf6 gxh4 18. Qh5 Be5 19. Bxe5 Qe7 20. Qxh6 f6 21. Qxh4
Qg7 22. Bf4 Kf7 23. Bh6 Qg6 24. Bxf8 Rxf8 25. Qf4 Bc8 26. Qc7+ Kg8 27. Qxb6 Qg4
28. Be2 Qh3 29. Qc7 Qg2 30. O-O-O Qxf2 31. Bh5 Qf5 32. g4 Qg5 33. Bf7+ Kh8 34.
h3 Qg7 35. g5 Qxf7 36. Qd6 f5 37. Qh6+ Kg8 38. g6 Qg7 39. Qg5 Qa1# 0-1

[Event "AUTO-ADV-4795"]
[Site "http://www.queenalice.com/game.php?id=1838966"]
[Date "2024.6.21"]
[Round "1"]
[White "dimitridruloza2012"]
[Black "shmurtz91"]
[Result "1-0"]
[WhiteElo "1767"]
[BlackElo "1909"]

1. g3 d5 2. Bg2 e5 3. b3 Bc5 4. Bb2 Nc6 5. Nf3 Nf6 6. Nxe5 Nxe5 7. Bxe5 Bxf2+ 8.
Kf1 Ng4 9. Bxg7 Bc5 10. Bxh8 Qg5 11. Bf3 f6 12. d4 Ne3+ 13. Kf2 Nxd1+ 14. Rxd1
Bd6 15. Nc3 Qg8 16. Bxf6 Bf5 17. Bxd5 Qg6 18. Bh4 Bb4 19. Nb5 c6 20. Nc7+ Kd7
21. Nxa8 cxd5 22. c4 Be4 23. c5 Qg4 24. a3 Qf5+ 25. Kg1 Qh3 26. c6+ Kxc6 27.
Rac1+ Kd6 28. Kf2 Qxh2+ 29. Ke3 Bxa3 30. Rc7 Bb2 31. Rf1 1-0

[Event "AUTO-ADV-4795"]
[Site "http://www.queenalice.com/game.php?id=1838967"]
[Date "2024.6.21"]
[Round "1"]
[White "shmurtz91"]
[Black "dimitridruloza2012"]
[Result "1-0"]
[WhiteElo "1887"]
[BlackElo "1789"]

1. g3 g6 2. Bg2 Bg7 3. c3 c6 4. d4 b6 5. Nf3 Bb7 6. Bf4 c5 7. d5 Nf6 8. c4 Ng4
9. Nc3 Bxc3+ 10. bxc3 d6 11. e4 Nd7 12. O-O Ndf6 13. h3 Ne5 14. Nxe5 dxe5 15.
Bxe5 Qd7 16. d6 O-O 17. f3 Nh5 18. Qd2 f6 19. g4 Ng7 20. Bg3 exd6 21. Rad1 Ne8
22. e5 fxe5 23. Bxe5 Qe7 24. Bf4 Nf6 25. Bxd6 Qe6 26. Bxf8 Rxf8 27. Rfe1 Qxc4
28. Qd6 Qxc3 29. Re7 Bxf3 30. Bxf3 Qxf3 31. Rf1 Qc3 32. Rd1 Qxh3 33. Qe6+ Kh8
34. Qxf6+ Rxf6 35. Rd8+ Rf8 36. Rxf8# 1-0

[Event "AUTO-ADV-4795"]
[Site "http://www.queenalice.com/game.php?id=1838968"]
[Date "2024.6.21"]
[Round "1"]
[White "dimitridruloza2012"]
[Black "matamuff"]
[Result "1-0"]
[WhiteElo "1762"]
[BlackElo "1994"]

1. g3 d6 2. Bg2 g6 3. Nf3 Bg7 4. d4 e6 5. b3 Ne7 6. Bb2 Nd7 7. Nc3 O-O 8. Ne4 d5
9. Neg5 h6 10. Nh3 g5 11. Qd2 c5 12. Qd3 Nf5 13. e4 dxe4 14. Qxe4 Nf6 15. Qe5
Nd5 16. Qe4 Nd6 17. Qd3 b6 18. O-O a5 19. a4 Bd7 20. Rae1 Rc8 21. Ne5 Be8 22.
dxc5 bxc5 23. Bxd5 exd5 24. Qxd5 Kh7 25. Qd3+ f5 26. Re3 Ne4 27. Qa6 Rf6 28. Qc4
Nd2 29. Qe2 Rd6 30. Rd1 Ne4 31. Rxd6 Qxd6 32. Qc4 Bxe5 33. Bxe5 Qxe5 34. Qa6 Qc7
35. Qe6 Qd7 36. Nxg5+ Nxg5 37. Qxd7+ Bxd7 38. Re7+ Kg6 39. Rxd7 Ne4 40. Ra7 Rd8
41. Rxa5 Rc8 42. h4 h5 43. Ra6+ Kg7 44. Kg2 Nf6 45. Rb6 Nd5 46. Rd6 Nb4 47. c3
Nc2 48. a5 Na3 49. a6 Nb5 50. Rd7+ Kg6 51. c4 Nd4 52. Rd6+ Kh7 53. b4 f4 54.
bxc5 Rxc5 55. Rxd4 fxg3 56. fxg3 Rc7 57. Kh3 Ra7 58. Rd6 Kh8 59. c5 Kg8 60. c6
Rc7 61. Rh6 Re7 62. Rxh5 Kg7 63. Rc5 Rc7 64. a7 Rxa7 65. c7 1-0

[Event "AUTO-ADV-4795"]
[Site "http://www.queenalice.com/game.php?id=1838969"]
[Date "2024.6.21"]
[Round "1"]
[White "matamuff"]
[Black "dimitridruloza2012"]
[Result "1-0"]
[WhiteElo "1948"]
[BlackElo "1776"]

1. Nf3 g6 2. g3 b6 3. Bg2 Bb7 4. O-O Bg7 5. d3 Na6 6. a3 Nf6 7. e4 Ng4 8. c3 e6
9. Bg5 f6 10. Be3 Nxe3 11. fxe3 h5 12. Nbd2 Qe7 13. Qc2 Bh6 14. Rfe1 f5 15. Nh4
O-O-O 16. Nxg6 Qc5 17. d4 Qb5 18. Nxh8 Rxh8 19. c4 Qc6 20. Re2 Qd6 21. e5 Qe7
22. Bxb7+ Kxb7 23. b4 h4 24. b5 Nb8 25. a4 a5 26. Nf3 hxg3 27. c5 c6 28. cxb6
Kxb6 29. Rb1 Qa3 30. bxc6+ Kc7 31. Rb3 Bxe3+ 32. Kh1 Qf8 33. cxd7+ Kxd7 34. Rb7+
Ke8 35. Qc8# 1-0